Giải pháp bán hàng 4.0 : Lĩnh hội những "Vũ khí tối thượng" từ Daniel H. Pink = To sell is human: The surprising Truth About Moving Others
Trình bày các luận điểm một cách tổng quan về lĩnh vực bán hàng. Đồng thời, tác giả đã chỉ ra ba phẩm chất có giá trị nhất hiện nay trong việc tác động đến người khác (hoà hợp, hăng hái, rõ ràng) và những việc phải làm nhằm tác động...
Gorde:
| Egile nagusia: | |
|---|---|
| Beste egile batzuk: | |
| Formatua: | Liburua |
| Hizkuntza: | Vietnamese |
| Argitaratua: |
Tp. Hồ Chí Minh
Tổng hợp tp. Hồ Chí Minh
2018
|
| Edizioa: | Tái bản lần thứ 1 |
| Gaiak: | |
| Etiketak: |
Etiketa erantsi
Etiketarik gabe, Izan zaitez lehena erregistro honi etiketa jartzen!
|
| Thư viện lưu trữ: | Thư viện Trường Đại học Nam Cần Thơ |
|---|
| LEADER | 02994nam a22003257a 4500 | ||
|---|---|---|---|
| 001 | NCT_76084 | ||
| 008 | 200309b xxu||||| |||| 00| 0 vie d | ||
| 999 | |c 3708 |d 3708 | ||
| 020 | |a 9786045874240 |c 79000 | ||
| 082 | 0 | 4 | |2 23rd ed. |a 658.81 |b P655 |
| 100 | 1 | |a Pink, Daniel H. | |
| 245 | 1 | 0 | |a Giải pháp bán hàng 4.0 |b : Lĩnh hội những "Vũ khí tối thượng" từ Daniel H. Pink = To sell is human: The surprising Truth About Moving Others |c Daniel H. Pink; Thiên Quang (dịch) |
| 250 | |a Tái bản lần thứ 1 | ||
| 260 | |a Tp. Hồ Chí Minh |b Tổng hợp tp. Hồ Chí Minh |c 2018 | ||
| 300 | |a 261 tr. |c 21cm | ||
| 520 | 3 | |a Trình bày các luận điểm một cách tổng quan về lĩnh vực bán hàng. Đồng thời, tác giả đã chỉ ra ba phẩm chất có giá trị nhất hiện nay trong việc tác động đến người khác (hoà hợp, hăng hái, rõ ràng) và những việc phải làm nhằm tác động đến người khác hiệu quả hơn. Các nhà lãnh đạo - ít nhất là những ai muốn tác động đến người khác - nên đọc cuốn sách này. | |
| 653 | |a Quản trị kinh doanh | ||
| 700 | 0 | |a Thiên Quang |e Dịch | |
| 942 | |2 ddc |c BK | ||
| 952 | |0 0 |1 0 |2 ddc |4 0 |6 658_810000000000000_P655 |7 0 |9 19003 |a 000001 |b 000001 |d 2020-03-09 |l 2 |o 658.81 P655 |p MD.16797 |q 2022-02-26 |r 2022-02-11 |s 2022-02-11 |v 79000.00 |w 2020-03-09 |y BK | ||
| 952 | |0 0 |1 0 |2 ddc |4 0 |6 658_810000000000000_P655 |7 0 |9 19004 |a 000001 |b 000001 |d 2020-03-09 |o 658.81 P655 |p MD.16798 |r 2020-03-09 |v 79000.00 |w 2020-03-09 |y BK | ||
| 952 | |0 0 |1 0 |2 ddc |4 0 |6 658_810000000000000_P655 |7 0 |9 19005 |a 000001 |b 000001 |d 2020-03-09 |o 658.81 P655 |p MD.16799 |r 2020-03-09 |v 79000.00 |w 2020-03-09 |y BK | ||
| 952 | |0 0 |1 0 |2 ddc |4 0 |6 658_810000000000000_P655 |7 0 |9 19006 |a 000001 |b 000001 |d 2020-03-09 |o 658.81 P655 |p MD.16800 |r 2020-03-09 |v 79000.00 |w 2020-03-09 |y BK | ||
| 952 | |0 0 |1 0 |2 ddc |4 0 |6 658_810000000000000_P655 |7 0 |9 19007 |a 000001 |b 000001 |d 2020-03-09 |o 658.81 P655 |p MD.16801 |r 2020-03-09 |v 79000.00 |w 2020-03-09 |y BK | ||
| 952 | |0 0 |1 0 |2 ddc |4 0 |6 658_810000000000000_P655 |7 0 |9 19008 |a 000001 |b 000001 |d 2020-03-09 |l 1 |o 658.81 P655 |p MD.16802 |r 2020-06-22 |s 2020-06-11 |v 79000.00 |w 2020-03-09 |y BK | ||
| 952 | |0 0 |1 0 |2 ddc |4 0 |6 658_810000000000000_P655 |7 0 |9 19009 |a 000001 |b 000001 |d 2020-03-09 |o 658.81 P655 |p MD.16803 |r 2020-03-09 |v 79000.00 |w 2020-03-09 |y BK | ||
| 952 | |0 0 |1 0 |2 ddc |4 0 |6 658_810000000000000_P655 |7 0 |9 19010 |a 000001 |b 000001 |d 2020-03-09 |l 1 |o 658.81 P655 |p MD.16804 |r 2021-01-22 |s 2021-01-15 |v 79000.00 |w 2020-03-09 |y BK | ||
| 952 | |0 0 |1 0 |2 ddc |4 0 |6 658_810000000000000_P655 |7 0 |9 19011 |a 000001 |b 000001 |d 2020-03-09 |o 658.81 P655 |p MD.16805 |r 2020-03-09 |v 79000.00 |w 2020-03-09 |y BK | ||
| 952 | |0 0 |1 0 |2 ddc |4 0 |6 658_810000000000000_P655 |7 0 |9 19012 |a 000001 |b 000001 |d 2020-03-09 |o 658.81 P655 |p MD.16806 |r 2020-03-09 |v 79000.00 |w 2020-03-09 |y BK | ||
| 980 | |a Thư viện Trường Đại học Nam Cần Thơ | ||


